00406nam a2200133 i 4500001000300000245011200003260004300115300001900158700002700177040000800204041000800212080001100220008004100231bg 0aFizičeskie i mechaničeskie strojstva stekloplastikov. Spavocnoe posobie. /cPod. red. J. M. M. Icanova. aRiga :bIzdatel'stvo "Zinatne",c1969. as. 262, 5 nlb.1 aICANOV, J. M. M.eRed. cBPK apol a678.01 s pl f |000 0 pol